| 000 | 00378nam a2200157Ia 4500 | ||
|---|---|---|---|
| 008 | 210210b1979 xxu||||| |||| 00| 0 eng d | ||
| 082 | _a540 TIMC | ||
| 100 | _aTIMBERLAKE (Karen). | ||
| 245 | _aChemistry.Ed 2. | ||
| 250 | _a | ||
| 260 |
_aNew York _bHarper & Row Publishers _c1979 |
||
| 300 | _axv,548,I-4 | ||
| 650 | _aChemistry | ||
| 690 | _aChemistry | ||
| 906 | _aCC00296 | ||
| 999 |
_c109205 _d109205 |
||